| 000 | 00507nam a22001697a 4500 | ||
|---|---|---|---|
| 999 |
_c40698 _d40698 |
||
| 003 | OSt | ||
| 005 | 20200606120119.0 | ||
| 008 | 191030b ||||| |||| 00| 0 eng d | ||
| 020 | _a9789382222033 | ||
| 040 | _cMESKC library | ||
| 082 |
_a954.035 _bKUM/D |
||
| 100 |
_aKumar,Manoj _997 |
||
| 245 |
_aDaliton Ke Udharak Baba Sahab Bhim Rav Ambedkar/ _cManoj Kumar |
||
| 260 |
_aDelhi: _bDev Pustak Mandir, _c2012 |
||
| 300 | _a160p | ||
| 942 |
_2ddc _cBK _h954.035 _iKUM/D _k954.035 _mKUM/D |
||